Statistiques concernant Harry Potter: le Hochequeue

Cliquez ici pour prendre le quiz!

Statistiques générales

  • Ce quiz a été pris 7 fois
  • Le résultat moyen est 4 sur 5

Statistiques - réponses

InformationRéponses% Correct
Première apparitionHarry Potter et la Chambre des Secrets
100%
Dernière apparitionHarry Potter et la Chambre des Secrets
100%
Joueur l’ayant faitDrago Malefoy
67%
Qu’est-ce ?Faute au Quidditch
67%
ButRalentir le joueur adverse en tirant son balai
50%

Distribution des résultats

Percentile par nombre de réponses

% des personnes avec chaque résultat

Votre développement - résultats

Vous n’avez pas pris ce quiz